00509nam a2200181Ia 4500003000400000005001700004008004100021040000700062041001200069082001600081100009300097245005100190260003500241300001400276365001100290563000700301650001900308OSt20251212152736.0210707s1983 xx 000 0 und d cAL aKonkani aK894.1 KADP aKADENGODLU SHANKARABHATTAdಕಡೆಂಗೋಡ್ಲು ಶಂಕರಭಟ್ಟ aPatra - pushpa.bಪತ್ರಪುಷ್ಪ.  bVishva Kannada Sammelanac1983 aviii,64 p b1cINR aPB aKannada Poetry